Books By synonyms - Statistics

General Stats
  • This quiz has been taken 76 times
  • The average score is 12 of 12
Answer Stats
Hint Answer % Correct
A Crease in Space A Wrinkle in Time
97%
Dark Bombshell Black Beauty
97%
Forty Tints of Silver Fifty Shades of Gray
97%
The Feline in the Cap The Cat in the Hat
97%
The Thunder Burglar The Lightning Thief
97%
The Tiny Heir The Little Prince
97%
The Extremely Famished Insect The Very Hungry Caterpillar
97%
Conflict and Tranquility War and Peace
97%
A Fable of Three Towns A Tale of Two Cities
96%
Duke of the Mosquitos Lord of the Flies
96%
Journal of a Feeble Child Diary of a Wimpy Kid
94%
The Starving Activity The Hunger Games
91%
No matching quizzes found
Score Distribution
Percent of People with Each Score
Percentile by Number Answered
Your Score History
You have not taken this quiz